Pathfinder: roadmap to PFI social housing (Record no. 70684)

MARC details
000 -LEADER
fixed length control field 00860cam a2200229 4500
001 - CONTROL NUMBER
control field ABS65613
008 - FIXED-LENGTH DATA ELEMENTS--GENERAL INFORMATION
fixed length control field 020704n2002 000 0 eng u
035 ## - SYSTEM CONTROL NUMBER
System control number (Sirsi) u118698
100 ## - MAIN ENTRY--PERSONAL NAME
Personal name Galeon, C.
245 ## - TITLE STATEMENT
Title Pathfinder: roadmap to PFI social housing
260 ## - PUBLICATION, DISTRIBUTION, ETC.
Date of publication, distribution, etc. 2002
490 ## - SERIES STATEMENT
Series statement PFI Intelligence Bulletin
Volume/sequential designation 7(4) June 2002, 18-22(3)
520 ## - SUMMARY, ETC.
Summary, etc. Introducing PFI into social housing was developed in 1998 as an alternative to direct investment by local authorities. However to date, no housing revenue account PFI project has been signed. The article explores the factors why this has not happened.
590 ## - LOCAL NOTE (RLIN)
Local note ABS
650 ## - SUBJECT ADDED ENTRY--TOPICAL TERM
Topical term or geographic name entry element PFI
650 ## - SUBJECT ADDED ENTRY--TOPICAL TERM
Topical term or geographic name entry element SOCIAL HOUSING
650 ## - SUBJECT ADDED ENTRY--TOPICAL TERM
Topical term or geographic name entry element LOCAL AUTHORITIES
650 ## - SUBJECT ADDED ENTRY--TOPICAL TERM
Topical term or geographic name entry element LANDLORD AND TENANT ACT 1985
650 ## - SUBJECT ADDED ENTRY--TOPICAL TERM
Topical term or geographic name entry element RSLS
690 ## - LOCAL SUBJECT ADDED ENTRY--TOPICAL TERM (OCLC, RLIN)
Topical term or geographic name as entry element MANAGEMENT-BUSINESS MANAGEMENT-FINANCIAL MANAGEMENT
942 ## - ADDED ENTRY ELEMENTS (KOHA)
Suppress in OPAC 0
Holdings
Withdrawn status Lost status Source of classification or shelving scheme Damaged status Not for loan Home library Current library Shelving location Date acquired Total Checkouts Full call number Barcode Date last seen Copy number Price effective from Koha item type
    Dewey Decimal Classification     London London Journal article 04/07/2002   ABS65613 118698-1001 06/08/2019 1 06/08/2019 Journal article